000 00624nam a2200193Ia 4500
003 GCL
008 140319s9999 xx 000 0 ara d
040 _aGCL /
_cGCL
082 0 4 _a301.3206
_bم هـ
100 1 _aماهر مهران
245 1 0 _aالهيئات والمؤسسات العامة فى مجال السكان /
_cماهر مهران
300 _a112 ص
490 _aالهيئة العامة للاستعلامات
_v0
650 0 4 _aالمؤسسات العامة
650 0 4 _aالهيئات
650 0 4 _aالاحصائيات الحيوية
650 0 4 _aالسكان - مؤسسات
942 _2ddc
_cBK
999 _c52134
_d52134